Word Ladder: Indiana Quiz Stats

 Plays Quiz Updated Sep 28, 2017

Challenge
Share
Tweet
Embed
Score 0/27 Timer 03:00
0 Plays Today
Hint 4- Letter Word % Correct
Winter outer garmentCOAT
98.3%
Maker of a Mustang or FocusFORD
97.8%
Watery ditch around castleMOAT
97.7%
• Major Indiana city: ___ Wayne ••FORT•
96.3%
CreateMAKE
94.9%
Female horseMARE
93.7%
• Former Governor and VP: ___ Pence ••MIKE•
93.4%
Poppins of literatureMARY
93.2%
Pharmacist Goldman on 'Family Guy'MORT
92.7%
• A member of Indiana's NFL team ••COLT•
91.4%
Chair, e.g.SEAT
91%
• City near Notre Dame: South ___•BEND•
90.8%
Feudal rulerLORD
90.4%
Edible animal fleshMEAT
89.9%
Hint 4- Letter Word % Correct
Fix or repairMEND
89.6%
Bat at a flySWAT
88.7%
A shopMART
87.8%
To tie something very tightly togetherBIND
86.3%
Move back and forthSWAY
85.2%
Underground explosiveMINE
82.7%
• On the Banks of the Wabash, Far __•AWAY•
76.9%
Twisting stem of a vineBINE
76.2%
Egyptian Goddess of balance and lawMA'AT
75%
• Indiana city near Chicago ••GARY•
74.1%
A train station in ParisGARE
69.7%
Mustafa of 'Brave New World'MOND
47.2%
With 'Daer', Middle-earth's 'great harbor'LOND
41.9%

Today's Daily Dose

Missing Word
Madam, I'm Adam

Quick Pick
Meat vs Animal

On This Day
October 21st II

You're not logged in!

Compare scores with friends on all Sporcle quizzes.
Join for Free
OR
Log In

You Might Also Like...

Show Comments

Extras

Top Quizzes Today


Score Distribution

Your Account Isn't Verified!

In order to create a playlist on Sporcle, you need to verify the email address you used during registration. Go to your Sporcle Settings to finish the process.

Report this User

Report this user for behavior that violates our Community Guidelines.

Details: